[Event "SVK-chT3B2 2324"]
[Site "Slovakia"]
[Date "2024.02.04"]
[Round "7.6"]
[White "Cyprian, Marian"]
[Black "Kallo, Juraj"]
[Result "1/2-1/2"]
[WhiteElo "1836"]
[BlackElo "1489"]
[PlyCount "54"]
[EventDate "2023.10.15"]
[EventType "team-tourn"]
[EventRounds "11"]
[EventCountry "SVK"]
[SourceTitle "EXT 2025"]
[Source "ChessBase"]
[SourceDate "2024.10.14"]
[SourceVersion "1"]
[SourceVersionDate "2024.10.14"]
[SourceQuality "1"]
[WhiteTeam "Nemsova Horne Srnie"]
[BlackTeam "Povazske Podhradie II"]
[WhiteTeamCountry "SVK"]
[BlackTeamCountry "SVK"]

1. d4 Nf6 2. Nf3 c5 3. c3 e6 4. Bf4 Nc6 5. e3 cxd4 6. exd4 d5 7. Nbd2 Bd6 8. Bg3 0-0 9. Bd3 Nh5 10. Bxd6 Qxd6 11. 0-0 Nf4 12. Bc2 Ng6 13. Re1 Bd7 14. g3 Be8 15. Nf1 f6 16. Qd2 e5 17. Bb3 Na5 18. Qc2 Nxb3 19. Qxb3 Bc6 20. Rad1 Rad8 21. h4 Qe6 22. h5 Nf4 23. gxf4 Qg4+ 24. Ng3 exf4 25. Kg2 fxg3 26. fxg3 Qxh5 27. Re3 Rf7 1/2-1/2

[Event "SVK-chT3B2 2324"]
[Site "Slovakia"]
[Date "2023.10.15"]
[Round "1.3"]
[White "Kallo, Juraj"]
[Black "Volanek, Maros"]
[Result "0-1"]
[WhiteElo "1489"]
[BlackElo "1630"]
[PlyCount "58"]
[EventDate "2023.10.15"]
[EventType "team-tourn"]
[EventRounds "11"]
[EventCountry "SVK"]
[SourceTitle "EXT 2025"]
[Source "ChessBase"]
[SourceDate "2024.10.14"]
[SourceVersion "1"]
[SourceVersionDate "2024.10.14"]
[SourceQuality "1"]
[WhiteTeam "Povazske Podhradie II"]
[BlackTeam "Povazske Podhradie III"]
[WhiteTeamCountry "SVK"]
[BlackTeamCountry "SVK"]

1. c4 e5 2. Nc3 f5 3. e3 Nf6 4. Nge2 Nc6 5. g3 d5 6. cxd5 Nb4 7. d4 e4 8. Nf4 g5 9. Ne6 Bxe6 10. dxe6 c6 11. a3 Nbd5 12. Bg2 Qd6 13. 0-0 g4 14. h3 gxh3 15. Bxh3 Qxe6 16. Nxd5 Qxd5 17. f3 Qd6 18. f4 Qd7 19. Kf2 Rg8 20. Rg1 Ng4+ 21. Bxg4 Rxg4 22. Qf1 0-0-0 23. Bd2 Be7 24. Qh3 Bf6 25. Rac1 Bxd4 26. exd4 Qxd4+ 27. Kg2 Qxd2+ 28. Kh1 Qxb2 29. Qxh7 Rh8 0-1

[Event "SVK-chT3B2 1617"]
[Site "Slovakia"]
[Date "2017.03.05"]
[Round "9.4"]
[White "Solovic, Vladislav"]
[Black "Kallo, Juraj"]
[Result "0-1"]
[WhiteElo "1741"]
[BlackElo "1517"]
[PlyCount "108"]
[EventDate "2016.10.16"]
[EventType "team-tourn"]
[EventRounds "11"]
[EventCountry "SVK"]
[SourceTitle "EXT 2020"]
[Source "ChessBase"]
[SourceDate "2019.10.17"]
[SourceVersion "1"]
[SourceVersionDate "2019.10.17"]
[SourceQuality "1"]
[WhiteTeam "Dubnica nad Vahom III"]
[BlackTeam "Povazske Podhradie II"]
[WhiteTeamCountry "SVK"]
[BlackTeamCountry "SVK"]

1. e4 d6 2. Nc3 Nf6 3. h3 g6 4. Bc4 Bg7 5. d3 0-0 6. Nf3 Nc6 7. a3 a5 8. Be3 e5 9. Qd2 Re8 10. Bg5 Ne7 11. Bh6 Bh8 12. Ng5 d5 13. Bb3 c6 14. exd5 Nexd5 15. Nce4 Nh5 16. 0-0-0 Nhf4 17. g3 Ne6 18. Rhf1 Nxg5 19. Bxg5 Qc7 20. Bxd5 cxd5 21. Nf6+ Bxf6 22. Bxf6 Qc6 23. Bg5 Bxh3 24. Rh1 Bg4 25. Rde1 Bf3 26. Rh4 Rac8 27. c3 b5 28. Kb1 e4 29. Re3 Qb6 30. Rxf3 exf3 31. Be3 Rxe3 32. fxe3 Re8 33. d4 Qe6 34. Qh2 h5 35. g4 Qxe3 36. gxh5 f2 37. Rf4 Qxf4 38. Qxf4 Re1+ 39. Ka2 f1Q 40. Qb8+ Kg7 41. h6+ Kxh6 42. Qh8+ Kg5 43. Qd8+ Qf6 44. Qxd5+ Qf5 45. Qg2+ Kf6 46. Qc6+ Qe6+ 47. d5 Qxc6 48. dxc6 Re7 49. Kb3 Rc7 50. c4 bxc4+ 51. Kxc4 Rxc6+ 52. Kb5 Rc2 53. b3 Rb2 54. Ka4 g5 0-1

[Event "SVK-chT3B2 1617"]
[Site "Slovakia"]
[Date "2016.11.13"]
[Round "3.5"]
[White "Kallo, Juraj"]
[Black "Krist, Radovan"]
[Result "0-1"]
[WhiteElo "1482"]
[BlackElo "1762"]
[PlyCount "60"]
[EventDate "2016.10.16"]
[EventType "team-tourn"]
[EventRounds "11"]
[EventCountry "SVK"]
[SourceTitle "EXT 2018"]
[Source "ChessBase"]
[SourceDate "2017.10.13"]
[SourceVersion "1"]
[SourceVersionDate "2017.10.13"]
[SourceQuality "1"]
[WhiteTeam "Povazske Podhradie II"]
[BlackTeam "Chynorany"]
[WhiteTeamCountry "SVK"]
[BlackTeamCountry "SVK"]

1. e4 c5 2. c3 d5 3. exd5 Qxd5 4. d4 cxd4 5. cxd4 Nf6 6. Nc3 Qa5 7. Bd2 Qd8 8. Be3 g6 9. Nf3 Bg7 10. Be2 0-0 11. Qd2 Nc6 12. 0-0 Ng4 13. Rfd1 Nxe3 14. Qxe3 e6 15. Ne5 Qb6 16. Nxc6 bxc6 17. Rd2 Rd8 18. Rad1 Bb7 19. Qf4 Rd7 20. Na4 Qb4 21. Nc5 e5 22. Nd3 Qxd4 23. Qg3 Rad8 24. Nxe5 Qxd2 25. Rxd2 Rxd2 26. Qf3 Bxe5 27. h4 Rxb2 28. Bc4 Rb1+ 29. Bf1 Ba6 30. g3 Rxf1+ 0-1

[Event "SVK-chT3B2 1617"]
[Site "Slovakia"]
[Date "2016.10.16"]
[Round "1.6"]
[White "Chlebana, Dusan"]
[Black "Kallo, Juraj"]
[Result "1/2-1/2"]
[WhiteElo "1647"]
[BlackElo "1515"]
[PlyCount "69"]
[EventDate "2016.10.16"]
[EventType "team-tourn"]
[EventRounds "11"]
[EventCountry "SVK"]
[SourceTitle "CBM 175 Extra"]
[Source "ChessBase"]
[SourceDate "2016.12.12"]
[SourceVersion "1"]
[SourceVersionDate "2016.12.12"]
[SourceQuality "1"]
[WhiteTeam "Nemsova Horne Srnie"]
[BlackTeam "Povazske Podhradie II"]
[WhiteTeamCountry "SVK"]
[BlackTeamCountry "SVK"]

1. e4 d6 2. d4 Nf6 3. Nc3 g6 4. Bd3 Bg7 5. Nge2 0-0 6. h3 e5 7. Bg5 Bd7 8. Nd5 exd4 9. Nxd4 Nc6 10. c3 Rc8 11. Qd2 Nxd4 12. cxd4 c6 13. Nc3 Re8 14. Qf4 Re6 15. 0-0 Qb6 16. Bc4 Nh5 17. Qd2 Ree8 18. Be3 a6 19. Be2 Nf6 20. e5 Nd5 21. Nxd5 cxd5 22. Rac1 Be6 23. Rxc8 Rxc8 24. Rc1 Rc6 25. f4 dxe5 26. dxe5 Qc7 27. Rd1 Rc2 28. Qe1 Rxb2 29. Bf3 Qc2 30. Rd2 Qc3 31. Qf2 Rb1+ 32. Kh2 Qc4 33. Rc2 Qf1 34. Qxf1 Rxf1 35. Bxd5 1/2-1/2